NFL: Top 25 Active Players: Forced Fumbles - Statistics

General Stats
  • This quiz has been taken 64 times
    7 since last reset
  • The average score is 13 of 26
Answer Stats
# Player FF % Correct
T22 Harrison Smith 13
86%
T1 Khalil Mack 36
86%
T6 Myles Garrett 23
86%
T1 T.J. Watt 36
86%
4 Von Miller 27
86%
T12 Cameron Jordan 17
71%
5 DeMarcus Lawrence 24
71%
8 Joey Bosa 22
71%
T22 Nick Bosa 13
71%
T10 Calais Campbell 18
57%
T22 Chris Jones 13
57%
T16 Danielle Hunter 15
57%
T12 Fred Warner 17
57%
15 Jadeveon Clowney 16
57%
21 Kyle Van Noy 14
43%
3 Lavonte David 33
43%
T16 Trey Hendrickson 15
43%
T6 Brandon Graham 23
29%
T22 Brian Burns 13
29%
T16 Bradley Chubb 15
14%
T10 Haason Reddick 18
14%
9 Jason Pierre-Paul 21
14%
T12 Marlon Humphrey 17
14%
T16 Montez Sweat 15
14%
T22 Bud Dupree 13
0%
T16 Dante Fowler 15
0%
No matching quizzes found
Score Distribution
Percent of People with Each Score
Percentile by Number Answered
Your Score History
You have not taken this quiz since the last reset